Представление документа в формате MARC21

Поле Инд. ПП Название Значение
Тип записи a
Библиографический уровень m
001 Контрольный номер DU/583867311
005 Дата корректировки 20251212162644.8
008 Кодируемые данные 20080905
020 a ISBN 978-5-8114-0630-2
084 a Индекс другой классификации/Индекс ББК 22.3я73; 22.2я73; 22.36я73; 22.317я73
090 a Полочн. индекс 22.3я73
x Авторский знак С 128
100 1_ a Автор Савельев И. В.
q Полное имя Савельев Игорь Владимирович
245 10 a Заглавие Курс общей физики
b Продолж. заглавия учебное пособие для вузов: в 3 т.
n Номер части/ раздела Т.1
p Название части/ раздела Механика. Молекулярная физика
250 a Основные сведения об издании 14-е изд., стер.
260 c Дата издания 2018
b Издательство Лань
a Место издания Санкт-Петербург
300 a Объем 432 с.
b Иллюстрации/ тип воспроизводства ил.
336 a Термин вида содержания Текст
337 a Термин типа средства непосредственный
440 _0 a Серия Учебники для вузов. Специальная литература
440 _0 a Серия Классическая учебная литература по физике
504 a Библиография Предм. указ.: с. 429
521 0_ a Примеч. о целев. назн. студенты
541 1_ a Номер заявки 7221
b Заявитель Шевчук И.И.
c Факультет/Кафедра/Подразделение Кафедра общей физики
d Дата заявки 22.03.2018
f Дисциплина физика
h Уровень подготовки Бакалавриат
n Количество экземпляров 350
650 04 a Основная рубрика механика
a Основная рубрика молекулярная физика
a Основная рубрика статистическая физика
a Основная рубрика термодинамика
a Основная рубрика физика
653 0_ a Ключевые слова Авогадро число
a Ключевые слова автоколебания
a Ключевые слова агрегатные состояния вещества
a Ключевые слова барометрическая формула
a Ключевые слова Бернулли уравнение
a Ключевые слова Больцмана распределение
a Ключевые слова Ван-дер-Ваальса газ
a Ключевые слова всемирное тяготение
a Ключевые слова второе начало термодинамики
a Ключевые слова гармонические колебания
a Ключевые слова гидродинамика
a Ключевые слова гироскопы
a Ключевые слова гравитация
a Ключевые слова дефекты в кристаллах
a Ключевые слова динамика материальной точки
a Ключевые слова диффузия
a Ключевые слова жидкое состояние
a Ключевые слова законы сохранения
a Ключевые слова испарение
a Ключевые слова капиллярные явления
a Ключевые слова Карно цикл
a Ключевые слова кинематика
a Ключевые слова колебания
a Ключевые слова конденсация
a Ключевые слова кориолисово ускорение
a Ключевые слова космические скорости
a Ключевые слова кристаллизация
a Ключевые слова кристаллическое состояние
a Ключевые слова критическое состояние
a Ключевые слова ламинарное течение
a Ключевые слова Лоренца преобразования
a Ключевые слова Максвелла распределение
a Ключевые слова малые колебания
a Ключевые слова маятник
a Ключевые слова механика твердого тела
a Ключевые слова неинерциальные системы отсчета
a Ключевые слова Ньютона механика
a Ключевые слова первое начало термодинамики
a Ключевые слова плавление
a Ключевые слова поверхностное натяжение
a Ключевые слова политропические процессы
a Ключевые слова принцип эквивалентности
a Ключевые слова релятивистская механика
a Ключевые слова статистический вес
a Ключевые слова Стирлинга формула
a Ключевые слова термодинамическая шкала температур
a Ключевые слова третье начало термодинамики (Нернста-Планка постулат)
a Ключевые слова турбулентное течение
a Ключевые слова фазовое равновесие
a Ключевые слова физическая кинетика
a Ключевые слова частицы с нулевой массой
a Ключевые слова энтропия
a Ключевые слова эффузия
a Ключевые слова явление переноса
655 a Жанр/ форма (устаревшее) учебное пособие
787 18 w Контрольный номер связываемой записи RU/IS/BASE/264551038
w Контрольный номер связываемой записи RU/IS/BASE/273927497
w Контрольный номер связываемой записи RU/IS/BASE/388169067
900 a Имя электронного ресурса obl_saveliev_fizika_1_2018
x Справочная информация Обложка
901 t Тип документа m
952 a Тип литературы для КСУ ВШ УИ
954 a Гриф 1.1.2.22.3